| 000 | 00000nam##2200000za#4500 |
| 001 | 9.593332 |
| 003 | CaOODSP |
| 005 | 20250403105040 |
| 007 | cr ||||||||||| |
| 008 | 150406|2006||||xxc|||||o f|0| 0 fre|d |
| 020 | |a0-662-71946-8 |
| 022 | |a1205-9161 |
| 040 | |aCaOODSP|bfre |
| 043 | |an-cn--- |
| 086 | 1 |aCS11-0019/282F-PDF |
| 245 | 00|aPourquoi l'emploi et les gains ont-ils augmenté chez les mères seules durant les années 1980 et 1990? / |h[ressource électronique]|cpar John Myles ... [et al.]. |
| 260 | |bStatistique Canada |c2006. |
| 300 | |a31p.|bgraphiques, références, tableaux |
| 490 | 1 |aDocuments de recherche - Direction des études analytiques|x1205-9161|vN° 282 |
| 590 | |a06-23|b2006-06-09 |
| 590 | |a06-10-Supp|b2006-12-15 |
| 691 | 07|aEmploi|2gcpds |
| 691 | 07|aRevenu|2gcpds |
| 691 | 07|aFamille monoparentale|2gcpds |
| 710 | 2 |aStatistique Canada. |
| 720 | 1 |aMyles, John |
| 775 | 08|tWhy did employment and earnings rise among lone mothers during the 1980s and 1990s? / |w(CaOODSP)9.560669 |
| 830 | #0|aDocuments de recherche (Statistique Canada. Direction des études analytiques)|x1205-9161|vN° 282|w(CaOODSP)9.500842 |
| 856 | 40|ahttp://publications.gc.ca|qPDF|s893 Ko|uhttps://publications.gc.ca/collections/Collection/Statcan/11F0019MIF/11F0019MIF2006282.pdf|yN° 282 |